000 00345nam a2200133Ia 4500
008 231129s1996||||xx |||||||||||||| ||spa||
020 _a958-9261-33-7
040 _bspa
082 _aR 004.0223 A881
245 0 _aAtlas de informatica
260 _c1996
264 _aPev-Iatros Ediciones
942 _2ddc
_cBKS
999 _c5805
_d5805